PRACTICAL PHARMACEUTICS FOR FIRST YEAR BACHELOR OF PHARMACY (Record no. 5819)

MARC details
000 -LEADER
fixed length control field 00437nam a22001577a 4500
005 - DATE AND TIME OF LATEST TRANSACTION
control field 20240108115823.0
008 - FIXED-LENGTH DATA ELEMENTS--GENERAL INFORMATION
fixed length control field 190405b xxu||||| |||| 00| 0 eng d
020 ## - INTERNATIONAL STANDARD BOOK NUMBER
ISBN 978-81-85790-63-9
041 ## - LANGUAGE CODE
Language code of text/sound track or separate title eng
100 ## - MAIN ENTRY--AUTHOR NAME
Personal name GOKHALE, S.B. , GATTANI,S.G AND BAKLIWAL,S.R
245 ## - TITLE STATEMENT
Title PRACTICAL PHARMACEUTICS FOR FIRST YEAR BACHELOR OF PHARMACY
260 ## - PUBLICATION, DISTRIBUTION, ETC. (IMPRINT)
Place of publication PUNE
Name of publisher NIRALI PRAKASHAN
300 ## - PHYSICAL DESCRIPTION
Number of Pages B.1
650 ## - SUBJECT ADDED ENTRY--TOPICAL TERM
Topical Term PHARMACY
942 ## - ADDED ENTRY ELEMENTS (KOHA)
Koha item type Books
Holdings
Lost status Damaged status Collection code Home library Current library Shelving location Date acquired Source of acquisition Cost, normal purchase price Accession Number Koha item type
    PHARMACY JRU Library JRU Library Shelf - 27- A 05/04/2019 PURCHESS 50.00 22649 Books
    PHYSIOTHERAPY JRU Library JRU Library Shelf - 27- A 05/04/2019 PURCHESS 50.00 22650 Books
    Reference JRU Library JRU Library SHELF-4-B 05/04/2019 PURCHESS 50.00 22651 Books